<?xml version="1.0" encoding="UTF-8"?>
<record
    xmlns:xsi="http://www.w3.org/2001/XMLSchema-instance"
    xsi:schemaLocation="http://www.loc.gov/MARC21/slim http://www.loc.gov/standards/marcxml/schema/MARC21slim.xsd"
    xmlns="http://www.loc.gov/MARC21/slim">

  <leader>00412nam a2200157Ia 4500</leader>
  <controlfield tag="008">230718s9999    xx            000 0 und d</controlfield>
  <datafield tag="041" ind1=" " ind2=" ">
    <subfield code="a">eng</subfield>
  </datafield>
  <datafield tag="082" ind1=" " ind2=" ">
    <subfield code="a">620.112</subfield>
    <subfield code="b">TIM</subfield>
  </datafield>
  <datafield tag="100" ind1=" " ind2=" ">
    <subfield code="a">Timoshenko S.</subfield>
  </datafield>
  <datafield tag="245" ind1=" " ind2=" ">
    <subfield code="a">Strength Of Materials Part I</subfield>
    <subfield code="b">Elementary Theory And Problems</subfield>
  </datafield>
  <datafield tag="250" ind1=" " ind2=" ">
    <subfield code="a">3rd ed.</subfield>
  </datafield>
  <datafield tag="260" ind1=" " ind2=" ">
    <subfield code="b">Cbs</subfield>
  </datafield>
  <datafield tag="365" ind1=" " ind2=" ">
    <subfield code="c">Rs.</subfield>
    <subfield code="b">150.00</subfield>
  </datafield>
  <datafield tag="700" ind1=" " ind2=" ">
    <subfield code="a">Timoshenko S.</subfield>
  </datafield>
  <datafield tag="906" ind1=" " ind2=" ">
    <subfield code="d">B:444607-May-2008</subfield>
    <subfield code="c">MECH</subfield>
    <subfield code="b">30</subfield>
  </datafield>
  <datafield tag="999" ind1=" " ind2=" ">
    <subfield code="c">318849</subfield>
    <subfield code="d">318849</subfield>
  </datafield>
  <datafield tag="952" ind1=" " ind2=" ">
    <subfield code="0">0</subfield>
    <subfield code="1">0</subfield>
    <subfield code="4">0</subfield>
    <subfield code="7">0</subfield>
    <subfield code="a">CCEP</subfield>
    <subfield code="b">CCEP</subfield>
    <subfield code="d">2008-06-26</subfield>
    <subfield code="e">Tbs</subfield>
    <subfield code="f">MECH</subfield>
    <subfield code="g">120.00</subfield>
    <subfield code="i">4446</subfield>
    <subfield code="l">1</subfield>
    <subfield code="o">620.112</subfield>
    <subfield code="p">CCEP-BK-30056</subfield>
    <subfield code="r">2024-03-16 00:00:00</subfield>
    <subfield code="s">2024-02-29</subfield>
    <subfield code="t">30</subfield>
    <subfield code="v">150.00</subfield>
    <subfield code="w">2008-05-07</subfield>
    <subfield code="y">BK</subfield>
    <subfield code="z">030056</subfield>
  </datafield>
</record>
